| 000 | 00431nam a2200169Ia 4500 | ||
|---|---|---|---|
| 005 | 20250402113836.0 | ||
| 008 | 231217s9999 xx 000 0 und d | ||
| 020 | _a9788131418215 | ||
| 082 | _a340 SUD;1 R | ||
| 100 | _aSudarshan, N ed. | ||
| 245 | 0 | _aConsent and law problems and perspectives | |
| 250 | _a1st ed. | ||
| 260 |
_c2008 _bICFAI press _aHyderabad |
||
| 300 | _avii, 242 | ||
| 650 | _aConsent,law | ||
| 942 | _cAA | ||
| 999 |
_c190025 _d190025 |
||